000 03432cam a2200445 i 4500
001 data
005 20260322212108.0
008 data
035 _a21916500
906 _a7
_bcbc
_ccopycat
_d2
_eepcn
_f20
_gy-gencatlg
925 0 _aacquire
_b1 shelf copy
_xpolicy default
010 _a 2021933765
015 _aGBC143088
_2bnb
016 7 _a020134950
_2Uk
020 _a9781839108426
_qhardcover
020 _a1839108428
_qhardcover
020 _z9781839108433
_qelectronic book
035 _a(OCoLC)1230461445
040 _aYDX
_beng
_cYDX
_erda
_dDLC
_dUKMGB
_dOCLCO
_dOCLCF
_dYDX
_dOCLCO
_dRCJ
_dDLC
042 _alccopycat
050 0 0 _aJC571
_b.C524 2021
082 0 4 _a323
_223
245 0 4 _aThe changing ethos of human rights /
_cedited by Hoda Mahmoudi, Alison Brysk, Kate Seaman.
264 1 _aNorthampton, MA, USA :
_aNorthampton, MA, USA :
_bEdward Elgar Publishing,
_c[2021]
300 _aviii, 160 pages ;
_c23 cm
336 _atext
_btxt
_2rdacontent
337 _aunmediated
_bn
_2rdamedia
338 _avolume
_bnc
_2rdacarrier
504 _aIncludes bibliographical references and index.
505 0 0 _gIntroduction to The changing ethos of human rights /
_rMatthew S. Weinert.
_tCultural heritage, cultural rights and care ethics /
_rMichael L. Penn --
_tDignity and treating others merely as means /
_rSamuel Kerstein --
_tMaking rights work : constructing care in a post-liberal world /
_rAlison Brysk --
_tRace and feminist care ethics : intersectionality as method /
_rParvati Raghuram --
_tDifficult care : examining women's efforts in the Islamic Republic of Iran /
_rHoda Mahmoudi --
_tEmpathy, caring, and the defense of human rights in a digital world /
_rKate Seaman --
_tCultural heritage, cultural rights and care ethics /
_rMatthew S. Weinert.
520 _aUtilizing the ethos of human rights, this insightful book captures the development of the moral imagination of these rights through history, culture, politics, and society. Moving beyond the focus on legal protections, it draws attention to the foundation and understanding of rights from theoretical, philosophical, political, psychological, and spiritual perspectives. The book surveys the changing ethos of human rights in the modern world and traces its recent histories and process of change, delineating the ethical, moral, and intellectual shifts in the field. Chapters incorporate and contribute to the debates around the ethics of care, considering some of the more challenging philosophical and practical questions. It highlights how human rights thinkers have sought to translate the ideals that are embodied in the Universal Declaration of Human Rights into action and practice. Interdisciplinary in nature, this book will be critical reading for scholars and students of human rights, international relations, and philosophy. Its focus on potential answers, approaches, and practices to further the cause of human rights will also be useful for activists, NGOs, and policy makers in these fields.
650 0 _aHuman rights.
650 7 _aHuman rights.
_2fast
_0(OCoLC)fst00963285
700 1 _aMahmoudi, Hoda,
_eeditor.
700 1 _aBrysk, Alison,
_d1960-
_eeditor.
700 1 _aSeaman, Kate,
_eeditor.
776 0 8 _iebook version :
_z9781839108433
999 _c1605
_d1605